000 00539cam a2200217ua 4500
001 6652
005 20260515114101.0
008 150922n ii |||gr||||Z||||||eng
020 _a81-219-1801-4
040 _cMAIN
041 _aeng
082 _a338.04
245 _aEntrepreneurial Development
_cBy S.S. Khanka
250 _aRep.
260 _aNew delhi:
_bS. Chand & company ltd.,
_c2004.
300 _axiv,405p.
653 _aProduction
653 _aEntrepreneurial Development
700 _aKhanka,S.S.,
_eAuthor.
942 _cBK
999 _c5796
_d5796